[Event "Gdansk op 14th"]
[Site "Gdansk"]
[Date "2012.07.24"]
[Round "4"]
[White "Tamon, Radoslaw"]
[Black "Aftanasiuk, Jakub"]
[Result "1/2-1/2"]
[WhiteElo "1623"]
[BlackElo "1548"]
[PlyCount "81"]
[EventDate "2012.07.22"]
[EventType "swiss"]
[EventRounds "9"]
[EventCountry "POL"]
[SourceTitle "CBM 149 Extra"]
[Source "ChessBase"]
[SourceDate "2012.08.24"]
[SourceVersion "1"]
[SourceVersionDate "2012.08.24"]
[SourceQuality "1"]

1. e4 e6 2. d4 d5 3. exd5 exd5 4. Nf3 Bd6 5. Be3 Bg4 6. h3 Bh5 7. Bd3 Ne7 8. Nbd2 c6 9. c3 Qc7 10. Qc2 Nd7 11. 0-0 Bg6 12. b4 Bxd3 13. Qxd3 h6 14. a4 f5 15. Nb3 g5 16. Nc5 Bxc5 17. dxc5 0-0-0 18. Bd4 Rhg8 19. Rfe1 Ng6 20. Qxf5 Rdf8 21. Qg4 Rf4 22. Qe6 Rff8 23. Ne5 Re8 24. Qxd7+ Qxd7 25. Nxd7 Kxd7 26. g3 h5 27. Kf1 h4 28. Rxe8 Rxe8 29. Re1 Rxe1+ 30. Kxe1 Ke6 31. Ke2 Kf5 32. Kf3 a6 33. Ke3 g4 34. hxg4+ Kxg4 35. gxh4 Nxh4 36. Kd3 Nf5 37. c4 dxc4+ 38. Kxc4 Kf3 39. Kd3 Ne7 40. Kc3 Nd5+ 41. Kc4 1/2-1/2